[Event "9.Offene Senioren SH 2015"]
[Site "Buesum"]
[Date "2015.10.04"]
[Round "6.55"]
[White "Hoelzel, Gerhard"]
[Black "Duijker, Bert"]
[Result "0-1"]
[BlackElo "1907"]
[BlackTeam "Veenendaal"]
[EventDate "2015.??.??"]
[PlyCount "116"]
[WhiteElo "1718"]
[WhiteTeam "Ahrensburger TSV"]

1. f4 g6 2. e3 d6 3. Nc3 c5 4. Nf3 Bg7 5. Bd3 Nc6 6. a3 a6 7. O-O b5 8. Ne4 e6
9. Rb1 Bb7 10. Nf2 Nge7 11. b3 Qc7 12. Bb2 Bxb2 13. Rxb2 d5 14. Be2 O-O-O 15.
Ng5 Rdf8 16. Bg4 Nd8 17. d3 h6 18. Ngh3 Kb8 19. Bf3 f6 20. Qd2 Nf5 21. g3 d4 22.
e4 Ne3 23. Re1 h5 24. Nd1 Ng4 25. Nhf2 f5 26. h3 Nf6 27. c4 h4 28. g4 fxg4 29.
Nxg4 Nxg4 30. Bxg4 Qxf4 31. Qxf4+ Rxf4 32. Rf2 Rhf8 33. Rxf4 Rxf4 34. Rf1 Rxf1+
35. Kxf1 Kc7 36. Kg2 Kd6 37. Nf2 Ke5 38. Kf3 Nf7 39. Ke2 Ng5 40. Nh1 Bc8 41. Nf2
Kf4 42. Nh1 Bd7 43. Nf2 Nf7 44. Nh1 Ne5 45. Nf2 Bc8 46. Kd2 Kg3 47. Ke2 Nxg4 48.
hxg4 h3 49. Kf1 h2 50. Nh1+ Kxg4 51. Kg2 Kf4 52. Kxh2 Ke3 53. Kg2 Kxd3 54. Nf2+
Kc2 55. a4 bxa4 56. bxa4 d3 57. Kf3 d2 58. Ke2 e5  0-1

[Event "9.Offene Senioren SH 2015"]
[Site "Buesum"]
[Date "2015.10.04"]
[Round "6.56"]
[White "Krneta, Slavko"]
[Black "Linz, Stefan"]
[Result "1/2-1/2"]
[BlackElo "1695"]
[BlackTeam "SC Bad Marienberg"]
[EventDate "2015.??.??"]
[PlyCount "120"]
[WhiteElo "1871"]
[WhiteTeam "FG Wohlde"]

1. e4 g6 2. f4 Bg7 3. Nf3 d6 4. d4 Nf6 5. Bd3 O-O 6. c3 e6 7. O-O Nc6 8. Kh1 a6
9. Be3 b5 10. g3 Ne7 11. Kg2 Bb7 12. Nbd2 Ng4 13. Bg1 Nf6 14. a4 c6 15. Qe2 Qd7
16. h3 Rfd8 17. g4 c5 18. axb5 axb5 19. Bxb5 Qc7 20. Bd3 cxd4 21. cxd4 Rxa1 22.
Rxa1 Ra8 23. Qd1 Rxa1 24. Qxa1 Bc6 25. b4 Qb7 26. Qa5 Nxe4 27. Nxe4 Bxe4 28. Be2
Nc6 29. Qa4 Qxb4 30. Qa8+ Bf8 31. Qa1 Qd2 32. Qd1 Qxf4 33. Qb3 Qf6 34. Qb6 Qd8
35. Qxd8 Nxd8 36. Bb5 Bg7 37. Kg3 h6 38. Be3 Bc6 39. Bc4 d5 40. Ba6 Bb7 41. Bb5
Nc6 42. Kf2 Na7 43. Bd3 Nc6 44. Bb5 Kh7 45. h4 Bf8 46. h5 g5 47. Ne5 Nxe5 48.
dxe5 Ba3 49. Bd4 Kg7 50. Bd7 Ba6 51. Ke3 Bb4 52. Kf2 Bc4 53. Ke3 Bb3 54. Ke2
Bc4+ 55. Ke3 Bf1 56. Kf2 Bd3 57. Ke3 Bc4 58. Kf2 Bd2 59. Bc6 Bf4 60. Bd7 Bb3 
1/2-1/2

[Event "9.Offene Senioren SH 2015"]
[Site "Buesum"]
[Date "2015.10.04"]
[Round "6.57"]
[White "Westphal-Stubbe, Siegbert"]
[Black "Ludwig, Richard"]
[Result "1/2-1/2"]
[BlackElo "1670"]
[BlackTeam "SV Irxleben"]
[EventDate "2015.??.??"]
[PlyCount "42"]
[WhiteElo "1822"]
[WhiteTeam "SG Ploener See"]

1. d4 Nf6 2. c4 e5 3. e3 exd4 4. exd4 Bb4+ 5. Bd2 Bxd2+ 6. Nxd2 Qe7+ 7. Be2 d6
8. h3 Bf5 9. Qb3 c6 10. Ngf3 O-O 11. Qe3 Re8 12. Qxe7 Rxe7 13. Kf1 Nbd7 14. Nh4
Be6 15. g4 h6 16. Ng2 Nf8 17. Bd3 Rd8 18. Ne3 Bd7 19. Nf5 Bxf5 20. Bxf5 g6 21.
Bd3 Ne6  1/2-1/2

[Event "9.Offene Senioren SH 2015"]
[Site "Buesum"]
[Date "2015.10.04"]
[Round "6.58"]
[White "Potschka, Dieter"]
[Black "Komeinda, Josef"]
[Result "1-0"]
[BlackElo "1644"]
[BlackTeam "Elberfelder SG"]
[EventDate "2015.??.??"]
[PlyCount "53"]
[WhiteElo "1791"]
[WhiteTeam "VfL Geesthacht"]

1. c4 Nf6 2. Nc3 e6 3. d4 Be7 4. Nf3 O-O 5. e3 c6 6. Be2 d5 7. c5 Nbd7 8. Bd2 b6
9. b4 Bb7 10. Rb1 Qc7 11. a4 Ne4 12. Nxe4 dxe4 13. Ng1 e5 14. Nh3 h6 15. Qc2 Nf6
16. dxe5 Qxe5 17. Bc3 Qf5 18. Bd4 bxc5 19. bxc5 Bc8 20. Nf4 Re8 21. h3 g5 22. g4
Qg6 23. Nxg6 fxg6 24. Bc4+ Kg7 25. Qxe4 Bd7 26. Rb7 Bxc5 27. Rxd7+  1-0

[Event "9.Offene Senioren SH 2015"]
[Site "Buesum"]
[Date "2015.10.04"]
[Round "6.59"]
[White "Schencke, Guenther"]
[Black "Priss, Klaus-Peter"]
[Result "1-0"]
[BlackElo "1603"]
[BlackTeam "Wyker TB"]
[EventDate "2015.??.??"]
[PlyCount "55"]
[WhiteElo "1788"]
[WhiteTeam "SV Hankensbuettel"]

1. d4 Nf6 2. c4 d5 3. Nc3 c6 4. e3 g6 5. Nf3 Bg7 6. cxd5 Nxd5 7. Qb3 Nxc3 8.
bxc3 O-O 9. Be2 Nd7 10. O-O Nb6 11. Bb2 a5 12. c4 Qc7 13. a4 Nd7 14. Rfd1 c5 15.
Rab1 b6 16. Qc2 Bb7 17. Ne1 f5 18. Bf3 Rae8 19. Bxb7 Qxb7 20. Nf3 Qc7 21. d5 Qd6
22. Bxg7 Kxg7 23. Qb2+ Rf6 24. Ng5 Nf8 25. e4 Nd7 26. Ne6+ Kg8 27. Re1 Nf8 28.
e5  1-0

[Event "9.Offene Senioren SH 2015"]
[Site "Buesum"]
[Date "2015.10.04"]
[Round "6.60"]
[White "Zechel, Rolf-Ruediger"]
[Black "Riha, Peter"]
[Result "1/2-1/2"]
[BlackElo "1787"]
[BlackTeam "Schleswiger SV von 1919"]
[EventDate "2015.??.??"]
[PlyCount "46"]
[WhiteElo "1645"]
[WhiteTeam "SK Kaltenkirchen"]

1. d4 Nf6 2. c4 e5 3. dxe5 Ng4 4. Nf3 Nc6 5. Nc3 Ngxe5 6. Nxe5 Nxe5 7. e3 g6 8.
b3 Bg7 9. Bb2 O-O 10. Be2 d6 11. O-O Bf5 12. Nb5 Re8 13. Nd4 Bd7 14. Rb1 Nc6 15.
Bf3 a5 16. Qd2 Qc8 17. Rfd1 Bg4 18. Bxg4 Qxg4 19. Nxc6 bxc6 20. Bxg7 Kxg7 21.
Qc3+ Kg8 22. h3 Qf5 23. Rb2 c5  1/2-1/2

[Event "9.Offene Senioren SH 2015"]
[Site "Buesum"]
[Date "2015.10.04"]
[Round "6.61"]
[White "Harders, Werner"]
[Black "Eschweiler, Gottfried"]
[Result "1/2-1/2"]
[BlackElo "1775"]
[BlackTeam "SG Neuss"]
[EventDate "2015.??.??"]
[PlyCount "67"]
[WhiteElo "1569"]
[WhiteTeam "SK Kaltenkirchen"]

1. d4 d5 2. e3 Nf6 3. f4 c5 4. c3 g6 5. Nf3 e6 6. b3 cxd4 7. cxd4 a6 8. Bd3 Nc6
9. a3 Bg7 10. Bd2 O-O 11. O-O Bd7 12. Nc3 b5 13. b4 Rc8 14. Qe2 Re8 15. Rfb1 Bf8
16. h3 Nh5 17. Be1 Qc7 18. Rc1 Qb8 19. Nh2 Bg7 20. Ng4 Red8 21. Ne5 Nxe5 22.
fxe5 Bf8 23. Bh4 Re8 24. Nd1 Ng7 25. g4 Rxc1 26. Rxc1 Rc8 27. Rc2 Rxc2 28. Qxc2
Qc8 29. Qxc8 Bxc8 30. Bd8 h6 31. Bb6 Be7 32. Bc5 Bd8 33. Nb2 h5 34. Kg2  1/2-1/2

[Event "9.Offene Senioren SH 2015"]
[Site "Buesum"]
[Date "2015.10.04"]
[Round "6.62"]
[White "Luebbers, Doris"]
[Black "Daebel, Hasso"]
[Result "0-1"]
[BlackElo "1737"]
[BlackTeam "SG Drewer"]
[EventDate "2015.??.??"]
[PlyCount "84"]
[WhiteElo "1527"]
[WhiteTeam "SF Taunus"]

1. d4 d5 2. Nf3 Nf6 3. e3 Bf5 4. Bd3 Be4 5. O-O Nbd7 6. b3 a6 7. Bb2 e6 8. Qe2
Bd6 9. Ne5 c6 10. f3 Bxd3 11. Qxd3 Qc7 12. f4 Ne4 13. Nxd7 Qxd7 14. Nd2 f5 15.
Nf3 h6 16. Ne5 Bxe5 17. dxe5 O-O-O 18. Qe2 g6 19. Rac1 Kb8 20. c4 Rdg8 21. cxd5
cxd5 22. Bd4 Rc8 23. Rc2 Rxc2 24. Qxc2 Rc8 25. Qb2 Qc6 26. Rd1 g5 27. h3 Qc2 28.
Re1 Qxb2 29. Bxb2 Rc2 30. Bd4 Ng3 31. Ra1 Ne2+ 32. Kf1 gxf4 33. Bb6 fxe3 34.
Bxe3 Ng3+ 35. Kg1 h5 36. h4 Ne2+ 37. Kf1 d4 38. Bf2 d3 39. Be3 f4 40. Bf2 Rc1+
41. Rxc1 Nxc1 42. b4 d2  0-1

[Event "9.Offene Senioren SH 2015"]
[Site "Buesum"]
[Date "2015.10.04"]
[Round "6.63"]
[White "Moeller, Bernd"]
[Black "Schuller, Erhard"]
[Result "1/2-1/2"]
[BlackElo "1733"]
[BlackTeam "SV Morsbach"]
[EventDate "2015.??.??"]
[PlyCount "76"]
[WhiteElo "1576"]
[WhiteTeam "SV Bad Schwartau"]

1. e4 c5 2. c4 g6 3. d3 Bg7 4. Ne2 Nc6 5. Nbc3 Nf6 6. b3 a6 7. Rb1 d6 8. Bb2 O-O
9. f3 e5 10. g3 Be6 11. Bg2 Qc8 12. O-O h5 13. Bc1 Rb8 14. Be3 b5 15. Nd5 Bxd5
16. exd5 Nd4 17. Nc3 b4 18. Ne2 Qc7 19. Qd2 Kh7 20. Kf2 Ng8 21. h3 Nf5 22. h4
Nxe3 23. Qxe3 Bh6 24. f4 exf4 25. gxf4 Rbe8 26. Qg3 Nf6 27. Bf3 Qe7 28. Rbd1 Qd7
29. Rde1 Re7 30. Ng1 Rfe8 31. Nh3 Ng4+ 32. Bxg4 hxg4 33. Ng5+ Kg7 34. Qh2 Bxg5
35. hxg5 Rh8 36. Qg2 Rxe1 37. Kxe1 Qe7+ 38. Qe4 Re8  1/2-1/2

[Event "9.Offene Senioren SH 2015"]
[Site "Buesum"]
[Date "2015.10.04"]
[Round "6.64"]
[White "Lachat, Martin"]
[Black "Schumacher, Ursula"]
[Result "1-0"]
[BlackElo "1670"]
[BlackTeam "HTC Bad Neuenahr"]
[EventDate "2015.??.??"]
[PlyCount "103"]
[WhiteElo "1538"]
[WhiteTeam "ASK Reti Zuerich"]

1. c4 c6 2. Nc3 Nf6 3. Nf3 d6 4. d4 e6 5. e4 Be7 6. Be2 O-O 7. O-O a6 8. b3 b6
9. Bb2 d5 10. Qc2 Bb7 11. Bd3 g6 12. Qd2 Kg7 13. Rac1 Ng8 14. Na4 Nd7 15. Bc3 f6
16. b4 Rc8 17. c5 b5 18. Nb2 Qc7 19. a4 h6 20. a5 f5 21. exd5 exd5 22. Rce1 Rce8
23. Ne5 Ndf6 24. Nd1 Ne4 25. Qc2 Nxc3 26. Qxc3 Nf6 27. f3 Bc8 28. Qc1 Nh7 29.
Re2 Bg5 30. f4 Be7 31. h3 Nf6 32. Nf2 Nh5 33. Qe3 Bd7 34. g4 Nf6 35. Nxd7 Qxd7
36. gxf5 Ne4 37. fxg6 Bh4 38. Nxe4 dxe4 39. Bc2 Qd5 40. Bxe4 Qd7 41. Qc3 Bf6 42.
Rd1 Qc7 43. Qf3 Rd8 44. Red2 Bxd4+ 45. Rxd4 Rxd4 46. Rxd4 Rxf4 47. Qd3 Qe5 48.
Rd7+ Kf6 49. Rf7+ Kg5 50. Qg3+ Kh5 51. Rf5+ Rxf5 52. Qg4#  1-0

[Event "9.Offene Senioren SH 2015"]
[Site "Buesum"]
[Date "2015.10.04"]
[Round "6.65"]
[White "Geibel, Henning"]
[Black "Howe, Dietrich"]
[Result "1-0"]
[BlackElo "1667"]
[BlackTeam "SK Kaltenkirchen"]
[EventDate "2015.??.??"]
[PlyCount "85"]
[WhiteElo "1470"]
[WhiteTeam "SV Bargteheide"]

1. e4 c5 2. Bc4 e6 3. Nf3 d6 4. O-O Nf6 5. Re1 Be7 6. d4 cxd4 7. Nxd4 a6 8. a4
Qc7 9. Bd3 b6 10. h3 Bb7 11. c3 Nbd7 12. Nf3 O-O 13. Bg5 h6 14. Bxf6 Nxf6 15. e5
dxe5 16. Nxe5 Rad8 17. Qe2 a5 18. Na3 Bxa3 19. Rxa3 Rd6 20. Ba6 Rfd8 21. Bxb7
Qxb7 22. Raa1 Rd2 23. Qf3 Qxf3 24. Nxf3 Rxb2 25. Rab1 Rxb1 26. Rxb1 Rd6 27. Ne5
Nd5 28. Nc4 Rc6 29. Ne5 Rxc3 30. Nd7 Rc6 31. f3 Nb4 32. Rd1 Nd5 33. Ne5 Nc3 34.
Rd8+ Kh7 35. Nxc6 Nxa4 36. Rd7 f6 37. Rb7 e5 38. Ne7 h5 39. Nd5 Kg6 40. Nxb6 Nc5
41. Ra7 f5 42. Rxa5 e4 43. Rxc5  1-0

[Event "9.Offene Senioren SH 2015"]
[Site "Buesum"]
[Date "2015.10.04"]
[Round "6.66"]
[White "Henniges, Erhard"]
[Black "Vierling, Paul"]
[Result "1-0"]
[BlackElo "1467"]
[BlackTeam "Fehntjer SK"]
[EventDate "2015.??.??"]
[PlyCount "133"]
[WhiteElo "1630"]
[WhiteTeam "Rochade 96 Magdeburg"]

1. c4 c5 2. Nc3 Nf6 3. e4 e5 4. d3 d6 5. Be2 Be7 6. h3 Bd7 7. Nf3 Nc6 8. a3 h6
9. Rb1 b6 10. O-O O-O 11. b4 cxb4 12. axb4 Nd4 13. b5 a6 14. Be3 Nxf3+ 15. Bxf3
a5 16. Na4 Rb8 17. Qc2 Qc7 18. Be2 Rfc8 19. f4 exf4 20. Bxf4 Ne8 21. d4 Bg5 22.
Bxg5 hxg5 23. Qb3 Kh8 24. Nc3 f6 25. Nd5 Qd8 26. Ne3 Qe7 27. Qd3 Be6 28. d5 Bd7
29. Ng4 Bxg4 30. Bxg4 Rc7 31. Be6 Ra7 32. Qe2 g6 33. Qf3 Qg7 34. g4 Re7 35. Qg3
Rd8 36. Kg2 Nc7 37. h4 Nxe6 38. dxe6 Rxe6 39. hxg5 fxg5 40. Rh1+ Kg8 41. Qe3 Qe5
42. Rh3 Qf4 43. Qxf4 gxf4 44. Rbh1 Kf7 45. g5 Rg8 46. Kf3 Ree8 47. Kxf4 Ref8 48.
Ke3 Ke8 49. Kd4 Ke7 50. Kd5 a4 51. Rh7+ Rf7 52. Rxf7+ Kxf7 53. Kxd6 Rd8+ 54. Ke5
a3 55. Ra1 Ra8 56. Ra2 Ke7 57. Kd4 Ke6 58. Kc3 Ke5 59. Kb4 Kxe4 60. Rxa3 Rxa3
61. Kxa3 Kf4 62. Kb4 Kxg5 63. c5 bxc5+ 64. Kxc5 Kf6 65. Kd6 Kf7 66. b6 Ke8 67.
Kc7  1-0

[Event "9.Offene Senioren SH 2015"]
[Site "Buesum"]
[Date "2015.10.04"]
[Round "6.67"]
[White "Ketelsen, Herbert"]
[Black "Baumast, Bernd"]
[Result "1-0"]
[BlackElo "1541"]
[BlackTeam "SV Bad Oldesloe"]
[EventDate "2015.??.??"]
[PlyCount "51"]
[WhiteElo "1194"]
[WhiteTeam "SK Kaltenkirchen"]

1. d4 Nf6 2. c4 e6 3. Nc3 d5 4. b3 c5 5. e3 cxd4 6. exd4 Bb4 7. Bd2 Qa5 8. Nge2
Nc6 9. Qc2 O-O 10. g3 Rb8 11. Bg2 Rd8 12. O-O dxc4 13. bxc4 Nxd4 14. Nxd4 Rxd4
15. Rfc1 Rxc4 16. Qd3 b5 17. Bf1 Ba6 18. a4 Qd8 19. Qxd8+ Rxd8 20. Bxc4 bxc4 21.
Bg5 h6 22. Bxf6 gxf6 23. Nb5 c3 24. Nxa7 Bd3 25. Nc6 Ra8 26. Nxb4  1-0

[Event "9.Offene Senioren SH 2015"]
[Site "Buesum"]
[Date "2015.10.04"]
[Round "6.68"]
[White "Petersen, Guenter"]
[Black "David, Juergen"]
[Result "1-0"]
[BlackElo "1609"]
[BlackTeam "SC Lok Brandenburg"]
[EventDate "2015.??.??"]
[PlyCount "45"]
[WhiteElo "1350"]
[WhiteTeam "Segeberger SF"]

1. e4 c5 2. Nf3 Nc6 3. d4 cxd4 4. Nxd4 e6 5. Nc3 Bb4 6. Nb5 d5 7. exd5 exd5 8.
Bf4 Kf8 9. a3 Bxc3+ 10. bxc3 Qa5 11. Bd6+ Nge7 12. Qxd5 Be6 13. Bxe7+ Kg8 14.
Qc5 a6 15. Nd4 Qxc5 16. Bxc5 Bd5 17. Nxc6 Bxc6 18. f3 h5 19. Bd3 Re8+ 20. Kd2
Rh6 21. Rhe1 Rc8 22. Re7 Bxf3 23. Be3  1-0

[Event "9.Offene Senioren SH 2015"]
[Site "Buesum"]
[Date "2015.10.04"]
[Round "6.69"]
[White "Graffenberger, Marianne"]
[Black "Wiebke, Elfriede"]
[Result "1-0"]
[BlackElo "1338"]
[BlackTeam "Segeberger SF"]
[EventDate "2015.??.??"]
[PlyCount "51"]
[WhiteElo "1540"]
[WhiteTeam "Hamburger SK"]

1. e4 e6 2. d4 d5 3. Nc3 Bb4 4. exd5 Bxc3+ 5. bxc3 exd5 6. Nf3 Qe7+ 7. Be2 Bg4
8. Be3 Bxf3 9. Bxf3 Nf6 10. O-O O-O 11. Re1 Qd8 12. c4 c6 13. c5 Nbd7 14. Bg5 h6
15. Bh4 g5 16. Bg3 Kh7 17. Qd3+ Ne4 18. Bxe4+ dxe4 19. Qxe4+ f5 20. Qd3 Kg8 21.
Bd6 Rf6 22. Be7 Qc8 23. Bxf6 Nxf6 24. Qc4+ Kg7 25. Re7+ Kg6 26. Qf7#  1-0